Statistics for Capitals with the Shortest Names

Click here to take the quiz!

General Stats

  • This quiz has been taken 68,565 times
  • The average score is 18 of 35

Answer Stats

LettersCapital% Correct
Europe4Rome
85%
Europe4Oslo
84%
South America4Lima
83%
Europe5Paris
83%
Europe4Bern
73%
Africa5Cairo
73%
Asia5Tokyo
72%
Europe4Riga
71%
Europe4Kyiv
68%
South America5Quito
65%
South America5Sucre/La Paz
63%
Asia5Seoul
60%
Europe5Minsk
57%
Africa5Tunis
56%
Europe5Sofia
54%
Asia4Doha
49%
Asia5Hanoi
48%
Africa5Rabat
48%
Asia4Baku
47%
Asia5Dhaka
46%
Europe5Vaduz
45%
Africa5Dakar
43%
Oceania4Suva
43%
Asia5Sana'a
42%
Asia4Dili
41%
Africa5Accra
40%
Asia5Amman
39%
Africa5Abuja
38%
Asia5Kabul
38%
Africa4Lomé
38%
Asia4Malé
38%
Africa4Juba
36%
Oceania4Apia
35%
Africa5Praia
23%
Oceania5Yaren
23%

Score Distribution

Percentile by Number Answered

Percent of People with Each Score

Your Score History

You have not taken this quiz